| 000 | 01370nam0a22002771 4500 | ||
|---|---|---|---|
| 001 | rc\4128635 | ||
| 005 | 20130415174559.8 | ||
| 021 |
_aRU _b[53-23076] |
||
| 035 | _a(NLR Aleph) 008156228 | ||
| 090 |
_a7789219 _c7789219 |
||
| 100 | _a20130415d1953 |||y0rusy50 ca | ||
| 101 | 0 | _arus | |
| 102 | _aRU | ||
| 105 | _aa z ||||| | ||
| 200 | 1 |
_aПроизводственная инструкция для дежурного по вспомогательному оборудованию энергопоезда В-5000 _fМ-во электростанций и электропром-сти СССР. Гос. союзный трест передвижных электростанций. Техн. отд. |
|
| 210 |
_aМосква _aЛенинград _cГосэнергоиздат _d1953 |
||
| 215 |
_a56 с., 7 л. схем. _d21 |
||
| 300 | _aНа обороте тит. л. авт.: С.М. Эпштейн | ||
| 606 |
_aЭлектрические станции, передвижные _xВспомогательное оборудование _xЭксплуатация _2psbo |
||
| 701 | 1 |
_aЭпштейн _bС. М. _gСаул Миронович |
|
| 712 | 0 | 2 | _aВсесоюзный трест передвижных электростанций |
| 801 | 0 |
_aRU _bNLR _gpsbo |
|
| 801 | 1 |
_aRU _bELAR _2rusmarc |
|
| 852 |
_aNLR _jТ88 Г-4/927 |
||
| 942 | _cBOOK | ||
| 980 | _aNB | ||